000 00310nam a2200109Ia 4500
008 160531s9999 xx 000 0 und d
100 _aOriols, Xavier.
245 _aOverview of Bohmian Mechanics
245 _cby Xavier Oriols, Jordi Mompart
260 _c2012
856 _uhttp://arxiv.org/pdf/1206.1084v2.pdf
999 _c295260
_d295260